The new sociology of economic behaviour (Record no. 481604)

MARC details
000 -LEADER
fixed length control field 01627cam a2200385 a 4500
001 - CONTROL NUMBER
control field EDZ0000071621
003 - CONTROL NUMBER IDENTIFIER
control field StDuBDS
005 - DATE AND TIME OF LATEST TRANSACTION
control field 20161031105213.0
006 - FIXED-LENGTH DATA ELEMENTS--ADDITIONAL MATERIAL CHARACTERISTICS--GENERAL INFORMATION
fixed length control field m||||||||d||||||||
007 - PHYSICAL DESCRIPTION FIXED FIELD--GENERAL INFORMATION
fixed length control field cr |||||||||||
008 - FIXED-LENGTH DATA ELEMENTS--GENERAL INFORMATION
fixed length control field 120405s2003 enk fo| 001|0|eng d
020 ## - INTERNATIONAL STANDARD BOOK NUMBER
International Standard Book Number 9781446219904 (ebook) :
Terms of availability No price
040 ## - CATALOGING SOURCE
Original cataloging agency StDuBDS
Language of cataloging eng
Transcribing agency StDuBDS
Description conventions pn
049 ## - LOCAL HOLDINGS (OCLC)
Holding library Alfaisal Main Library
050 #0 - LIBRARY OF CONGRESS CALL NUMBER
Classification number HM548
Item number .F48 2003
082 04 - DEWEY DECIMAL CLASSIFICATION NUMBER
Classification number 306.3
Edition number 23
100 1# - MAIN ENTRY--PERSONAL NAME
Personal name Fevre, Ralph,
Dates associated with a name 1955-
245 14 - TITLE STATEMENT
Title The new sociology of economic behaviour
Medium [electronic resource] /
Statement of responsibility, etc Ralph Fevre.
260 ## - PUBLICATION, DISTRIBUTION, ETC. (IMPRINT)
Place of publication, distribution, etc London :
Name of publisher, distributor, etc SAGE,
Date of publication, distribution, etc 2003.
300 ## - PHYSICAL DESCRIPTION
Extent 1 online resource (vii, 277 p.).
490 1# - SERIES STATEMENT
Series statement New horizons in sociology
520 8# - SUMMARY, ETC.
Summary, etc The author argues that the sociology of economic behaviour was hijacked by the economic sociology which grew out of Parsons' interpretation of Weber. This development neglected the moral considerations of classical sociology and made unfounded assumptions about the power of economic rationality.
521 ## - TARGET AUDIENCE NOTE
Target audience note Specialized.
588 ## -
-- Description based on print version record.
504 ## - BIBLIOGRAPHY, ETC. NOTE
Bibliography, etc Includes bibliographical references and index.
650 #0 - SUBJECT ADDED ENTRY--TOPICAL TERM
Topical term or geographic name as entry element Economics
General subdivision Sociological aspects.
650 #0 - SUBJECT ADDED ENTRY--TOPICAL TERM
Topical term or geographic name as entry element Social interaction
General subdivision Economic aspects.
650 #0 - SUBJECT ADDED ENTRY--TOPICAL TERM
Topical term or geographic name as entry element Consumption (Economics)
General subdivision Social aspects.
655 #7 - INDEX TERM--GENRE/FORM
Genre/form data or focus term Electronic books.
Source of term local
710 2# - ADDED ENTRY--CORPORATE NAME
Corporate name or jurisdiction name as entry element Sage eBooks
776 08 - ADDITIONAL PHYSICAL FORM ENTRY
Display text Print version :
International Standard Book Number 9780761966630
830 #0 - SERIES ADDED ENTRY--UNIFORM TITLE
Uniform title New horizons in sociology.
856 40 - ELECTRONIC LOCATION AND ACCESS
Uniform Resource Identifier <a href="http://ezproxy.alfaisal.edu/login?url=http://sk.sagepub.com/books/the-new-sociology-of-economic-behaviour">http://ezproxy.alfaisal.edu/login?url=http://sk.sagepub.com/books/the-new-sociology-of-economic-behaviour</a>
942 ## - ADDED ENTRY ELEMENTS (KOHA)
Source of classification or shelving scheme Library of Congress Classification
Koha item type eBooks

No items available.

Copyright © 2020 Alfaisal University Library. All Rights Reserved.
Tel: +966 11 2158948 Fax: +966 11 2157910 Email:
librarian@alfaisal.edu